[Event "DEM U14 2018"]
[Site "Willingen GER"]
[Date "2018.05.26"]
[Round "9"]
[White "Trifan, Andrei Ioan"]
[Black "Lutz, Ruben"]
[Result "1/2-1/2"]
[Termination "normal"]
[Board "1"]
[WhiteElo "2204"]
[BlackElo "1940"]
[WhiteClock "00:04:37"]
[BlackClock "00:05:06"]
[PlyCount "74"]
[WhiteFideId "12967068"]
[BlackFideId "12975974"]
[EventCountry "GER"]
[EventRounds "9"]
[EventType "swiss"]
[EventDate "2018.05.19"]

1. e4 {[%clk 1:30:54]} 1... e6 {[%clk 1:30:50]} 2. d4 {[%clk 1:31:16]} 2... d5
{[%clk 1:31:12]} 3. Nc3 {[%clk 1:31:13]} 3... Nf6 {[%clk 1:31:32]} 4. e5 {
[%clk 1:31:34]} 4... Nfd7 {[%clk 1:31:54]} 5. f4 {[%clk 1:31:50]} 5... c5 {
[%clk 1:32:17]} 6. Nf3 {[%clk 1:32:00]} 6... Nc6 {[%clk 1:32:38]} 7. Be3 {
[%clk 1:31:15]} 7... Be7 {[%clk 1:32:59]} 8. Qd2 {[%clk 1:31:18]} 8... O-O {
[%clk 1:33:14]} 9. dxc5 {[%clk 1:30:40]} 9... Qa5 {[%clk 1:33:08]} 10. O-O-O {
[%clk 1:30:18]} 10... b6 {[%clk 1:33:29]} 11. Bb5 {[%clk 1:29:51]} 11... Bb7 {
[%clk 1:33:45]} 12. Kb1 {[%clk 1:29:47]} 12... Kh8 {[%clk 1:33:22]} 13. cxb6 {
[%clk 1:26:47]} 13... axb6 {[%clk 1:33:40]} 14. Nd4 {[%clk 1:26:19]} 14... Rfc8
{[%clk 1:33:35]} 15. Nb3 {[%clk 1:21:38]} 15... Qa7 {[%clk 1:33:43]} 16. a3 {
[%clk 1:19:19]} 16... Nc5 {[%clk 1:30:49]} 17. Qf2 {[%clk 1:14:15]} 17... Na5 {
[%clk 1:15:55]} 18. Nd4 {[%clk 1:09:49]} 18... Ne4 {[%clk 0:56:41]} 19. Nxe4 {
[%clk 1:07:15]} 19... dxe4 {[%clk 0:57:05]} 20. f5 {[%clk 0:50:05]} 20... Bd5 {
[%clk 0:49:16]} 21. f6 {[%clk 0:47:54]} 21... Bf8 {[%clk 0:43:54]} 22. Nf5 {
[%clk 0:43:05]} 22... g6 {[%clk 0:35:41]} 23. Ne7 {[%clk 0:39:51]} 23... Bxe7 {
[%clk 0:33:30]} 24. fxe7 {[%clk 0:38:52]} 24... Qxe7 {[%clk 0:33:41]} 25. h4 {
[%clk 0:37:57]} 25... Nc4 {[%clk 0:28:32]} 26. Bxc4 {[%clk 0:36:56]} 26... Rxc4
{[%clk 0:28:44]} 27. Bg5 {[%clk 0:36:14]} 27... Qf8 {[%clk 0:28:25]} 28. h5 {
[%clk 0:32:48]} 28... Rc7 {[%clk 0:24:25]} 29. Rxd5 {[%clk 0:27:37]} 29... exd5
{[%clk 0:23:36]} 30. e6 {[%clk 0:21:19]} 30... Kg8 {[%clk 0:07:09]} 31. Qxb6 {
[%clk 0:10:37]} 31... Rac8 {[%clk 0:07:21]} 32. Rf1 {[%clk 0:08:31]} 32... Rc6
{[%clk 0:05:50]} 33. exf7+ {[%clk 0:04:52]} 33... Qxf7 {[%clk 0:06:11]} 34. Qb5
{[%clk 0:04:51]} 34... Rc5 {[%clk 0:04:01]} 35. Qa6 {[%clk 0:04:15]} 35... R5c6
{[%clk 0:04:19]} 36. Qb5 {[%clk 0:04:26]} 36... Rc5 {[%clk 0:04:43]} 37. Qa6 {
[%clk 0:04:37]} 37... R5c6 {[%clk 0:05:06]} 1/2-1/2

[Event "DEM U14 2018"]
[Site "Willingen GER"]
[Date "2018.05.26"]
[Round "9"]
[White "Nguyen, Alex Dac-Vuong"]
[Black "Krastev, Alexander"]
[Result "1/2-1/2"]
[Termination "normal"]
[Board "2"]
[WhiteElo "2167"]
[BlackElo "2230"]
[WhiteClock "00:08:23"]
[BlackClock "00:00:44"]
[PlyCount "78"]
[WhiteFideId "12984388"]
[BlackFideId "12989983"]
[EventCountry "GER"]
[EventRounds "9"]
[EventType "swiss"]
[EventDate "2018.05.19"]

1. e4 {[%clk 1:30:58]} 1... e5 {[%clk 1:30:50]} 2. Nf3 {[%clk 1:31:21]} 2...
Nc6 {[%clk 1:31:09]} 3. Bc4 {[%clk 1:31:43]} 3... Bc5 {[%clk 1:31:17]} 4. c3 {
[%clk 1:32:05]} 4... Nf6 {[%clk 1:31:37]} 5. d3 {[%clk 1:32:30]} 5... O-O {
[%clk 1:31:26]} 6. Nbd2 {[%clk 1:32:51]} 6... d5 {[%clk 1:31:47]} 7. exd5 {
[%clk 1:33:15]} 7... Nxd5 {[%clk 1:32:12]} 8. Ne4 {[%clk 1:33:36]} 8... Be7 {
[%clk 1:32:35]} 9. O-O {[%clk 1:33:58]} 9... Bg4 {[%clk 1:30:36]} 10. h3 {
[%clk 1:32:57]} 10... Bh5 {[%clk 1:30:58]} 11. Ng3 {[%clk 1:32:51]} 11... Bg6 {
[%clk 1:30:55]} 12. Re1 {[%clk 1:32:14]} 12... Nb6 {[%clk 1:30:13]} 13. Bb5 {
[%clk 1:32:13]} 13... Bd6 {[%clk 1:27:17]} 14. Ne4 {[%clk 1:17:06]} 14... Re8 {
[%clk 1:11:15]} 15. a4 {[%clk 1:14:10]} 15... a6 {[%clk 1:07:04]} 16. Bxc6 {
[%clk 1:14:15]} 16... bxc6 {[%clk 1:07:28]} 17. Ng3 {[%clk 0:48:58]} 17... c5 {
[%clk 0:57:22]} 18. a5 {[%clk 0:46:50]} 18... Nd5 {[%clk 0:56:42]} 19. Ra4 {
[%clk 0:46:51]} 19... Rb8 {[%clk 0:55:40]} 20. Nh4 {[%clk 0:45:17]} 20... c6 {
[%clk 0:43:12]} 21. Nxg6 {[%clk 0:44:11]} 21... hxg6 {[%clk 0:43:37]} 22. Ne4 {
[%clk 0:43:38]} 22... f5 {[%clk 0:42:42]} 23. Nd2 {[%clk 0:43:49]} 23... Bc7 {
[%clk 0:40:18]} 24. Nc4 {[%clk 0:44:13]} 24... Rb5 {[%clk 0:38:55]} 25. Qf3 {
[%clk 0:41:44]} 25... Qf6 {[%clk 0:34:51]} 26. Bd2 {[%clk 0:39:01]} 26... Kf7 {
[%clk 0:31:27]} 27. Re2 {[%clk 0:36:40]} 27... Re6 {[%clk 0:24:59]} 28. Ra1 {
[%clk 0:36:23]} 28... Rb8 {[%clk 0:20:57]} 29. Rae1 {[%clk 0:36:21]} 29... Rbe8
{[%clk 0:21:16]} 30. Kf1 {[%clk 0:29:05]} 30... Kg8 {[%clk 0:20:29]} 31. Bc1 {
[%clk 0:21:48]} 31... g5 {[%clk 0:12:45]} 32. Be3 {[%clk 0:15:59]} 32... Nf4 {
[%clk 0:03:56]} 33. Bxf4 {[%clk 0:15:23]} 33... gxf4 {[%clk 0:04:17]} 34. Nd2 {
[%clk 0:10:22]} 34... g5 {[%clk 0:03:45]} 35. g4 {[%clk 0:10:25]} 35... fxg3 {
[%clk 0:02:57]} 36. fxg3 {[%clk 0:08:53]} 36... Rf8 {[%clk 0:00:34]} 37. Kg2 {
[%clk 0:08:57]} 37... Qg7 {[%clk 0:00:34]} 38. Rf1 {[%clk 0:09:04]} 38... Ref6
{[%clk 0:00:44]} 39. Ref2 {[%clk 0:08:23]} 39... Qd7 1/2-1/2

[Event "DEM U14 2018"]
[Site "Willingen GER"]
[Date "2018.05.26"]
[Round "9"]
[White "Köllner, Ruben Gideon"]
[Black "Dobrikov, Marco"]
[Result "1/2-1/2"]
[Termination "normal"]
[Board "3"]
[WhiteElo "2204"]
[BlackElo "2151"]
[WhiteClock "00:06:39"]
[BlackClock "00:09:59"]
[PlyCount "127"]
[WhiteFideId "12993093"]
[BlackFideId "12950378"]
[EventCountry "GER"]
[EventRounds "9"]
[EventType "swiss"]
[EventDate "2018.05.19"]

1. d4 {[%clk 1:30:56]} 1... Nf6 {[%clk 1:30:57]} 2. Bg5 {[%clk 1:31:18]} 2...
c5 {[%clk 1:31:14]} 3. Bxf6 {[%clk 1:31:14]} 3... gxf6 {[%clk 1:31:37]} 4. d5 {
[%clk 1:31:37]} 4... Qb6 {[%clk 1:31:47]} 5. Qc1 {[%clk 1:31:54]} 5... f5 {
[%clk 1:31:49]} 6. c4 {[%clk 1:31:59]} 6... Bg7 {[%clk 1:31:44]} 7. Nc3 { [%clk
1:32:00]} 7... d6 {[%clk 1:31:40]} 8. e3 {[%clk 1:30:18]} 8... Nd7 { [%clk
1:31:14]} 9. Qc2 {[%clk 1:20:48]} 9... Nf6 {[%clk 1:30:01]} 10. Bd3 { [%clk
1:18:12]} 10... e5 {[%clk 1:27:49]} 11. f3 {[%clk 0:55:20]} 11... Bh6 { [%clk
1:23:33]} 12. Nd1 {[%clk 0:38:24]} 12... Qb4+ {[%clk 1:18:16]} 13. Kf1 { [%clk
0:37:26]} 13... f4 {[%clk 0:44:44]} 14. exf4 {[%clk 0:36:22]} 14... Bxf4 {[%clk
0:43:19]} 15. Ne2 {[%clk 0:36:35]} 15... Bh6 {[%clk 0:42:27]} 16. Ng3 { [%clk
0:33:44]} 16... Bd7 {[%clk 0:39:51]} 17. Nc3 {[%clk 0:30:18]} 17... O-O-O
{[%clk 0:38:09]} 18. a3 {[%clk 0:28:22]} 18... Qb6 {[%clk 0:38:28]} 19. b4 {
[%clk 0:27:56]} 19... Be3 {[%clk 0:34:41]} 20. Rb1 {[%clk 0:14:20]} 20... Kb8 {
[%clk 0:33:46]} 21. Nce4 {[%clk 0:12:16]} 21... Nxe4 {[%clk 0:33:57]} 22. Nxe4
{[%clk 0:12:36]} 22... Qc7 {[%clk 0:33:12]} 23. Qb3 {[%clk 0:07:19]} 23... f5 {
[%clk 0:30:35]} 24. Nxd6 {[%clk 0:03:01]} 24... Qxd6 {[%clk 0:30:35]} 25. bxc5
{[%clk 0:03:25]} 25... Qc7 {[%clk 0:30:34]} 26. c6 {[%clk 0:03:38]} 26... Bc8 {
[%clk 0:30:58]} 27. Bxf5 {[%clk 0:03:50]} 27... Bxf5 {[%clk 0:30:13]} 28. Qxb7+
{[%clk 0:03:00]} 28... Qxb7 {[%clk 0:30:39]} 29. Rxb7+ {[%clk 0:03:25]} 29...
Ka8 {[%clk 0:30:45]} 30. Ke2 {[%clk 0:03:34]} 30... Bc5 {[%clk 0:30:56]} 31. g4
{[%clk 0:03:05]} 31... Bc8 {[%clk 0:29:35]} 32. Rb5 {[%clk 0:02:08]} 32... Bb6
{[%clk 0:29:02]} 33. Rb4 {[%clk 0:01:32]} 33... e4 {[%clk 0:26:35]} 34. fxe4 {
[%clk 0:01:32]} 34... Bxg4+ {[%clk 0:26:46]} 35. Kd3 {[%clk 0:01:49]} 35...
Rhe8 {[%clk 0:25:19]} 36. Rf1 {[%clk 0:01:32]} 36... Re7 {[%clk 0:21:01]} 37.
Rf4 {[%clk 0:01:18]} 37... Bh5 {[%clk 0:20:41]} 38. Rb5 {[%clk 0:01:25]} 38...
Bg6 {[%clk 0:20:13]} 39. c5 {[%clk 0:01:04]} 39... Rxd5+ {[%clk 0:16:42]} 40.
Kc4 {[%clk 0:01:17]} 40... Rxc5+ {[%clk 0:04:12]} 41. Rxc5 {[%clk 0:01:33]}
41... Bxc5 {[%clk 0:04:39]} 42. Rf8+ {[%clk 0:28:32]} 42... Be8 {[%clk 0:35:01]
} 43. Kxc5 {[%clk 0:28:31]} 43... Rxe4 {[%clk 0:34:36]} 44. a4 {[%clk 0:27:27]}
44... Kb8 {[%clk 0:33:15]} 45. Rh8 {[%clk 0:25:49]} 45... h5 {[%clk 0:32:39]}
46. a5 {[%clk 0:23:45]} 46... Kc8 {[%clk 0:30:09]} 47. a6 {[%clk 0:21:47]}
47... Re2 {[%clk 0:26:39]} 48. Kd6 {[%clk 0:18:25]} 48... Kd8 {[%clk 0:21:07]}
49. c7+ {[%clk 0:15:53]} 49... Kc8 {[%clk 0:21:36]} 50. h4 {[%clk 0:14:46]}
50... Re1 {[%clk 0:21:00]} 51. Rg8 {[%clk 0:14:31]} 51... Rd1+ {[%clk 0:20:02]}
52. Kc5 {[%clk 0:14:11]} 52... Rc1+ {[%clk 0:19:27]} 53. Kd5 {[%clk 0:14:12]}
53... Rd1+ {[%clk 0:17:34]} 54. Kc5 {[%clk 0:14:34]} 54... Re1 {[%clk 0:16:16]}
55. Kd6 {[%clk 0:14:47]} 55... Re3 {[%clk 0:16:01]} 56. Rh8 {[%clk 0:14:50]}
56... Rd3+ {[%clk 0:14:17]} 57. Kc5 {[%clk 0:15:02]} 57... Rc3+ {[%clk 0:13:25]
} 58. Kd5 {[%clk 0:12:15]} 58... Ra3 {[%clk 0:13:34]} 59. Rxe8+ {[%clk 0:12:09]
} 59... Kxc7 {[%clk 0:14:04]} 60. Re7+ {[%clk 0:09:05]} 60... Kb6 { [%clk
0:14:16]} 61. Re6+ {[%clk 0:09:04]} 61... Kb5 {[%clk 0:14:19]} 62. Rh6 { [%clk
0:08:27]} 62... Ra5 {[%clk 0:13:05]} 63. Ke5 {[%clk 0:06:39]} 63... Kc4+ {[%clk
0:09:59]} 64. Ke4 1/2-1/2

[Event "DEM U14 2018"]
[Site "Willingen GER"]
[Date "2018.05.26"]
[Round "9"]
[White "Bethke, Richard"]
[Black "Colbow, Collin"]
[Result "1-0"]
[Termination "normal"]
[Board "4"]
[WhiteElo "2148"]
[BlackElo "2148"]
[WhiteClock "00:55:20"]
[BlackClock "00:02:19"]
[PlyCount "51"]
[WhiteFideId "12959243"]
[BlackFideId "16201132"]
[EventCountry "GER"]
[EventRounds "9"]
[EventType "swiss"]
[EventDate "2018.05.19"]

1. e4 {[%clk 1:30:57]} 1... c5 {[%clk 1:30:54]} 2. Nf3 {[%clk 1:31:21]} 2... d6
{[%clk 1:31:16]} 3. d4 {[%clk 1:31:46]} 3... cxd4 {[%clk 1:31:39]} 4. Nxd4 {
[%clk 1:32:10]} 4... Nf6 {[%clk 1:32:00]} 5. Nc3 {[%clk 1:32:36]} 5... g6 {
[%clk 1:31:57]} 6. Be3 {[%clk 1:32:43]} 6... a6 {[%clk 1:30:53]} 7. f3 { [%clk
1:32:21]} 7... b5 {[%clk 1:31:11]} 8. a3 {[%clk 1:30:58]} 8... Bb7 { [%clk
1:29:20]} 9. Qd2 {[%clk 1:30:08]} 9... h5 {[%clk 1:27:01]} 10. Be2 { [%clk
1:19:48]} 10... Nbd7 {[%clk 1:24:34]} 11. O-O {[%clk 1:15:54]} 11... Nb6 {[%clk
1:15:08]} 12. Bg5 {[%clk 1:15:12]} 12... Bg7 {[%clk 1:14:15]} 13. a4 { [%clk
1:14:46]} 13... Nc4 {[%clk 0:52:55]} 14. Bxc4 {[%clk 1:11:48]} 14... bxc4
{[%clk 0:53:04]} 15. Kh1 {[%clk 1:10:55]} 15... Rb8 {[%clk 0:31:47]} 16. Rae1 {
[%clk 1:09:18]} 16... Qc7 {[%clk 0:27:15]} 17. f4 {[%clk 1:08:28]} 17... O-O {
[%clk 0:24:37]} 18. f5 {[%clk 1:05:07]} 18... Qd7 {[%clk 0:22:46]} 19. Bh6 {
[%clk 0:57:06]} 19... Ng4 {[%clk 0:18:32]} 20. Bxg7 {[%clk 0:57:10]} 20... Kxg7
{[%clk 0:18:57]} 21. Qg5 {[%clk 0:57:13]} 21... Kh7 {[%clk 0:16:03]} 22. Ne6 {
[%clk 0:54:36]} 22... Rg8 {[%clk 0:02:09]} 23. fxg6+ {[%clk 0:54:50]} 23...
fxg6 {[%clk 0:02:24]} 24. Rf7+ {[%clk 0:55:13]} 24... Kh8 {[%clk 0:02:51]} 25.
Rxe7 {[%clk 0:55:24]} 25... Qc6 {[%clk 0:02:19]} 26. h3 {[%clk 0:55:20]} 1-0

[Event "DEM U14 2018"]
[Site "Willingen GER"]
[Date "2018.05.26"]
[Round "9"]
[White "Kanzow, Alexander"]
[Black "Dahl, Christoph"]
[Result "1-0"]
[Termination "normal"]
[Board "5"]
[WhiteElo "1631"]
[BlackElo "1965"]
[WhiteClock "00:13:57"]
[BlackClock "00:02:20"]
[PlyCount "89"]
[WhiteFideId "16225414"]
[BlackFideId "16240235"]
[EventCountry "GER"]
[EventRounds "9"]
[EventType "swiss"]
[EventDate "2018.05.19"]

1. d4 {[%clk 1:30:58]} 1... Nf6 {[%clk 1:30:47]} 2. Nf3 {[%clk 1:31:22]} 2...
g6 {[%clk 1:31:00]} 3. Bf4 {[%clk 1:31:39]} 3... Bg7 {[%clk 1:31:09]} 4. e3 {
[%clk 1:32:02]} 4... d6 {[%clk 1:31:09]} 5. Bd3 {[%clk 1:32:08]} 5... O-O {
[%clk 1:31:18]} 6. O-O {[%clk 1:32:20]} 6... Nfd7 {[%clk 1:30:16]} 7. e4 {
[%clk 1:28:13]} 7... c5 {[%clk 1:27:12]} 8. c3 {[%clk 1:27:05]} 8... cxd4 {
[%clk 1:27:00]} 9. cxd4 {[%clk 1:27:08]} 9... Qb6 {[%clk 1:27:01]} 10. Nbd2 {
[%clk 1:21:51]} 10... Nc6 {[%clk 1:18:16]} 11. Nc4 {[%clk 1:21:20]} 11... Qd8 {
[%clk 1:17:49]} 12. Be3 {[%clk 1:18:55]} 12... b5 {[%clk 1:13:37]} 13. Ncd2 {
[%clk 1:17:30]} 13... a6 {[%clk 1:12:45]} 14. a4 {[%clk 1:12:55]} 14... b4 {
[%clk 1:11:02]} 15. Rc1 {[%clk 1:11:06]} 15... Bb7 {[%clk 1:10:39]} 16. Qe2 {
[%clk 1:09:59]} 16... Nb6 {[%clk 0:46:46]} 17. b3 {[%clk 1:04:49]} 17... e5 {
[%clk 0:41:21]} 18. dxe5 {[%clk 1:00:32]} 18... dxe5 {[%clk 0:37:32]} 19. Rc2 {
[%clk 0:51:44]} 19... Kh8 {[%clk 0:24:25]} 20. Rfc1 {[%clk 0:47:38]} 20... Qc7
{[%clk 0:19:26]} 21. Bb5 {[%clk 0:43:46]} 21... axb5 {[%clk 0:19:09]} 22. axb5
{[%clk 0:43:47]} 22... f5 {[%clk 0:16:07]} 23. exf5 {[%clk 0:38:27]} 23... gxf5
{[%clk 0:16:19]} 24. Rxc6 {[%clk 0:37:13]} 24... Bxc6 {[%clk 0:16:37]} 25. Rxc6
{[%clk 0:37:34]} 25... Ra1+ {[%clk 0:16:56]} 26. Nf1 {[%clk 0:37:55]} 26... Qd7
{[%clk 0:16:40]} 27. Bxb6 {[%clk 0:36:03]} 27... e4 {[%clk 0:16:18]} 28. Ng5 {
[%clk 0:34:32]} 28... Rfa8 {[%clk 0:07:49]} 29. Qc4 {[%clk 0:31:02]} 29... h6 {
[%clk 0:02:00]} 30. Rd6 {[%clk 0:25:26]} 30... Qe7 {[%clk 0:01:53]} 31. Nf7+ {
[%clk 0:24:15]} 31... Kh7 {[%clk 0:02:22]} 32. Qd5 {[%clk 0:19:48]} 32... Re1 {
[%clk 0:00:46]} 33. Qxf5+ {[%clk 0:18:57]} 33... Kg8 {[%clk 0:01:13]} 34. Nxh6+
{[%clk 0:17:59]} 34... Kh8 {[%clk 0:00:56]} 35. Qd5 {[%clk 0:12:46]} 35...
Rxf1+ {[%clk 0:00:40]} 36. Kxf1 {[%clk 0:13:07]} 36... Ra1+ {[%clk 0:01:08]}
37. Ke2 {[%clk 0:13:12]} 37... Ra2+ {[%clk 0:01:03]} 38. Ke3 {[%clk 0:13:34]}
38... Qf8 {[%clk 0:01:13]} 39. Nf7+ {[%clk 0:13:21]} 39... Kh7 {[%clk 0:01:27]}
40. Qf5+ {[%clk 0:13:20]} 40... Kg8 {[%clk 0:01:53]} 41. Rd8 {[%clk 0:13:25]}
41... Qxd8 {[%clk 0:02:07]} 42. Bxd8 {[%clk 0:13:43]} 42... Rb2 {[%clk 0:02:25]
} 43. Qe6 {[%clk 0:13:38]} 43... Rb1 {[%clk 0:01:57]} 44. Ng5+ {[%clk 0:13:38]}
44... Kh8 {[%clk 0:02:20]} 45. Qe8+ {[%clk 0:13:57]} 1-0

[Event "DEM U14 2018"]
[Site "Willingen GER"]
[Date "2018.05.26"]
[Round "9"]
[White "Yi, Danny"]
[Black "Sulayev, Daniel"]
[Result "1/2-1/2"]
[Termination "normal"]
[Board "6"]
[WhiteElo "2074"]
[BlackElo "2054"]
[WhiteClock "01:03:11"]
[BlackClock "01:10:32"]
[PlyCount "40"]
[WhiteFideId "12988588"]
[BlackFideId "12977675"]
[EventCountry "GER"]
[EventRounds "9"]
[EventType "swiss"]
[EventDate "2018.05.19"]

1. e4 {[%clk 1:30:57]} 1... c5 {[%clk 1:30:56]} 2. Ne2 {[%clk 1:31:13]} 2...
Nc6 {[%clk 1:31:19]} 3. Nbc3 {[%clk 1:31:31]} 3... e5 {[%clk 1:30:33]} 4. g3 {
[%clk 1:31:00]} 4... g6 {[%clk 1:30:58]} 5. Bg2 {[%clk 1:31:24]} 5... Bg7 {
[%clk 1:31:21]} 6. O-O {[%clk 1:31:17]} 6... Nge7 {[%clk 1:31:45]} 7. d3 {
[%clk 1:31:19]} 7... d6 {[%clk 1:31:53]} 8. f4 {[%clk 1:30:45]} 8... O-O {
[%clk 1:31:52]} 9. Kh1 {[%clk 1:28:33]} 9... Be6 {[%clk 1:30:05]} 10. Be3 {
[%clk 1:27:35]} 10... Nd4 {[%clk 1:29:59]} 11. Bd2 {[%clk 1:20:52]} 11... Qd7 {
[%clk 1:28:00]} 12. Nxd4 {[%clk 1:17:53]} 12... cxd4 {[%clk 1:28:09]} 13. Ne2 {
[%clk 1:18:04]} 13... f5 {[%clk 1:27:45]} 14. c3 {[%clk 1:16:02]} 14... dxc3 {
[%clk 1:26:53]} 15. Bxc3 {[%clk 1:14:57]} 15... Rad8 {[%clk 1:18:26]} 16. d4 {
[%clk 1:11:19]} 16... fxe4 {[%clk 1:15:43]} 17. dxe5 {[%clk 1:07:43]} 17...
dxe5 {[%clk 1:14:09]} 18. Qxd7 {[%clk 1:06:28]} 18... Rxd7 {[%clk 1:14:31]} 19.
fxe5 {[%clk 1:04:18]} 19... Rxf1+ {[%clk 1:12:29]} 20. Rxf1 {[%clk 1:03:11]}
20... Bc4 {[%clk 1:10:32]} 1/2-1/2

[Event "DEM U14 2018"]
[Site "Willingen GER"]
[Date "2018.05.26"]
[Round "9"]
[White "Fromm, Marius"]
[Black "Haller, Luis"]
[Result "1-0"]
[Termination "normal"]
[Board "7"]
[WhiteElo "2014"]
[BlackElo "1711"]
[WhiteClock "00:04:15"]
[BlackClock "00:40:12"]
[PlyCount "133"]
[WhiteFideId "12993190"]
[BlackFideId "16209826"]
[EventCountry "GER"]
[EventRounds "9"]
[EventType "swiss"]
[EventDate "2018.05.19"]

1. Nf3 {[%clk 1:30:58]} 1... d5 {[%clk 1:30:55]} 2. c4 {[%clk 1:31:21]} 2... c6
{[%clk 1:31:20]} 3. g3 {[%clk 1:31:42]} 3... Bg4 {[%clk 1:31:21]} 4. Bg2 {
[%clk 1:31:26]} 4... Nd7 {[%clk 1:30:20]} 5. O-O {[%clk 1:18:56]} 5... e6 {
[%clk 1:30:41]} 6. d3 {[%clk 1:10:13]} 6... Ngf6 {[%clk 1:28:08]} 7. Qc2 {
[%clk 1:07:08]} 7... Bd6 {[%clk 1:27:44]} 8. h3 {[%clk 1:05:44]} 8... Bf5 {
[%clk 1:26:59]} 9. Nh4 {[%clk 1:02:17]} 9... Bg6 {[%clk 1:25:23]} 10. Nxg6 {
[%clk 1:01:11]} 10... fxg6 {[%clk 1:25:08]} 11. Nc3 {[%clk 0:54:53]} 11... O-O
{[%clk 1:24:27]} 12. Rb1 {[%clk 0:47:04]} 12... a5 {[%clk 1:21:08]} 13. cxd5 {
[%clk 0:45:27]} 13... cxd5 14. d4 {[%clk 0:39:33]} 14... Rc8 {[%clk 1:17:28]}
15. Qd3 {[%clk 0:38:23]} 15... Qb6 {[%clk 1:12:46]} 16. Nb5 {[%clk 0:33:33]}
16... Bb8 {[%clk 1:11:37]} 17. Nc3 {[%clk 0:25:45]} 17... Rc4 {[%clk 1:09:03]}
18. e3 {[%clk 0:25:50]} 18... Rfc8 {[%clk 1:07:09]} 19. Bd2 {[%clk 0:25:36]}
19... Bd6 {[%clk 0:58:07]} 20. Rfc1 {[%clk 0:20:10]} 20... Nb8 {[%clk 0:50:54]}
21. b3 {[%clk 0:18:35]} 21... R4c6 {[%clk 0:50:14]} 22. Na4 {[%clk 0:14:44]}
22... Rxc1+ {[%clk 0:47:25]} 23. Rxc1 {[%clk 0:15:07]} 23... Rxc1+ { [%clk
0:47:53]} 24. Bxc1 {[%clk 0:15:31]} 24... Qc6 {[%clk 0:47:54]} 25. Bd2 { [%clk
0:10:25]} 25... b5 {[%clk 0:45:04]} 26. Nc3 {[%clk 0:09:45]} 26... b4 { [%clk
0:45:28]} 27. Na4 {[%clk 0:10:00]} 27... Qa6 {[%clk 0:43:49]} 28. Qxa6 { [%clk
0:06:44]} 28... Nxa6 {[%clk 0:44:11]} 29. Bf1 {[%clk 0:07:03]} 29... Nc7 {[%clk
0:43:19]} 30. Bd3 {[%clk 0:07:00]} 30... Kf7 {[%clk 0:42:43]} 31. Kg2 { [%clk
0:07:11]} 31... Ke7 {[%clk 0:39:36]} 32. Bc1 {[%clk 0:05:25]} 32... Kd7 { [%clk
0:35:59]} 33. Bb2 {[%clk 0:05:17]} 33... g5 {[%clk 0:33:09]} 34. f3 { [%clk
0:03:45]} 34... g6 {[%clk 0:29:23]} 35. Kf2 {[%clk 0:00:49]} 35... Nce8 { [%clk
0:26:16]} 36. Kg2 {[%clk 0:01:06]} 36... Nc7 {[%clk 0:25:04]} 37. e4 { [%clk
0:00:56]} 37... Nh5 {[%clk 0:24:21]} 38. e5 {[%clk 0:01:20]} 38... Bf8 { [%clk
0:24:14]} 39. Bc1 {[%clk 0:01:20]} 39... Be7 {[%clk 0:22:41]} 40. Nb6+ { [%clk
0:01:14]} 40... Kd8 {[%clk 0:21:39]} 41. f4 {[%clk 0:23:05]} 41... gxf4 { [%clk
0:51:10]} 42. g4 {[%clk 0:23:27]} 42... Ng7 {[%clk 0:50:02]} 43. Bxf4 { [%clk
0:23:51]} 43... g5 {[%clk 0:49:44]} 44. Be3 {[%clk 0:23:10]} 44... h6 { [%clk
0:50:04]} 45. h4 {[%clk 0:21:18]} 45... Nge8 {[%clk 0:46:28]} 46. Be2 { [%clk
0:12:30]} 46... Ng7 {[%clk 0:46:07]} 47. hxg5 {[%clk 0:08:25]} 47... Bxg5
{[%clk 0:44:33]} 48. Bxg5+ {[%clk 0:08:31]} 48... hxg5 {[%clk 0:44:59]} 49. Kf3
{[%clk 0:08:30]} 49... Nce8 {[%clk 0:43:14]} 50. Bb5 {[%clk 0:06:53]} 50... Nc7
{[%clk 0:42:01]} 51. Bd3 {[%clk 0:07:16]} 51... Nge8 {[%clk 0:41:17]} 52. Ke3 {
[%clk 0:07:15]} 52... Ng7 {[%clk 0:41:18]} 53. Kd2 {[%clk 0:07:35]} 53... Nce8
{[%clk 0:41:44]} 54. Na4 {[%clk 0:07:21]} 54... Kc7 {[%clk 0:41:55]} 55. Bb5 {
[%clk 0:07:14]} 55... Kb8 {[%clk 0:40:10]} 56. Nc5 {[%clk 0:07:28]} 56... Nc7 {
[%clk 0:40:28]} 57. Bc6 {[%clk 0:06:41]} 57... Ka7 {[%clk 0:39:49]} 58. Nd7 {
[%clk 0:06:29]} 58... Na8 {[%clk 0:39:42]} 59. Nf8 {[%clk 0:05:05]} 59... Nc7 {
[%clk 0:39:06]} 60. Nh7 {[%clk 0:05:01]} 60... Kb6 {[%clk 0:39:10]} 61. Bd7 {
[%clk 0:05:07]} 61... Nb5 {[%clk 0:38:58]} 62. Bxb5 {[%clk 0:05:22]} 62... Kxb5
{[%clk 0:39:25]} 63. Nxg5 {[%clk 0:05:45]} 63... a4 {[%clk 0:39:52]} 64. Nf7 {
[%clk 0:05:26]} 64... axb3 {[%clk 0:40:10]} 65. axb3 {[%clk 0:05:39]} 65... Kc6
{[%clk 0:40:02]} 66. Nd6 {[%clk 0:04:09]} 66... Kd7 {[%clk 0:40:12]} 67. Ke3 {
[%clk 0:04:15]} 1-0